000 00727nam a22001577a 4500
003 OSt
005 20150918101251.0
008 150918b xxu||||| |||| 00| 0 eng d
040 _cRUA
082 _aAGR HOU 2005 B030 Or.1
100 _9735
_aHOU, BOPHEAR.
245 _aeffect of plant spacing on tomato (lycopersicon esculentum) yield at crop station in the royal university of agriculture (ឥទ្ធិពលចន្លោះគុម្ពលើទិន្នផលដំណាំប៉េងប៉ោះនៅស្តានីយ៍ដំណាំ សាកលវិទ្យាល័យភូមិន្ទកសិកម្ម)
260 _aPhnom Penh
_bRUA
_c2005
300 _a58p.
_bill.
_c29cm.
942 _2ddc
_cAGR
999 _c706
_d706